| 000 | 01116cab a2200241 4500 | ||
|---|---|---|---|
| 001 | E2161 | ||
| 008 | 090401t1994 xxu||||| |||| 00| 0 eng d | ||
| 035 | _a(Sirsi) u37822 | ||
| 041 | _aeng | ||
| 245 | _aMackay v Lord Burton | ||
| 260 | _c1994 | ||
| 350 | _a0 | ||
| 490 |
_aScots Law Times _v1994 SLT (Lands Tr) 35-38(4) |
||
| 520 | _aLands Tribunal for Scotland. 13 April 1993. Heritable property - land obligations - variation of servitude of access - access restricted to existing use - application by benefitied proprietors to extend right of access - whether servitude of access a separate interest in land - whether restriction a separate obligation - whether benefited proprietors burdened by restriction - competency of application - Conveyancing and Feudal Reform (Scotland) Act 1970 (c35), s1(3). | ||
| 650 | _aCONVEYANCING AND FEUDAL REFORM (SCOTLAND) ACT 1970 | ||
| 650 | _aHERITABLE PROPERTY | ||
| 650 | _aLAND OBLIGATIONS | ||
| 650 | _aLANDS TRIBUNAL FOR SCOTLAND | ||
| 650 | _aRESTRICTIVE COVENANTS | ||
| 690 | _aPROPERTY LAW AND PRACTICE-CASE LAW | ||
| 942 | _n0 | ||
| 948 | _c04/03/1997 | ||
| 999 |
_c24338 _d24338 |
||